Sexual identity on the job : issues and services /

Sábháilte in:
Sonraí bibleagrafaíochta
Príomhchruthaitheoirí: Ellis, Alan L. (Údar), Riggle, Ellen D. B. (Údar)
Formáid: LEABHAR
Teanga:Béarla
Foilsithe / Cruthaithe: New York ; London : Harrington Park Press, 1996
Clibeanna: Cuir clib leis
Níl clibeanna ann, Bí ar an gcéad duine le clib a chur leis an taifead seo!

MARC

LEADER 00000nam a22000007i 4500
001 IT\ICCU\UBO\3363980
003 ItRI
005 20260115231833.0
008 080130s1996 xxu|||||| ||||| |||||c
020 |a 1560230762 (pbk) 
020 |a 1560247606 
040 |b ita  |c importazione bologna sebina 
041 7 |a eng  |2 ISO-639-2 
100 1 |a Ellis, Alan L.  |0 IT\ICCU\UBOV\221462  |4 aut 
245 1 0 |a Sexual identity on the job :  |b issues and services /  |c Alan L. Ellis , Ellen D.B. Riggle. 
260 |a New York ;  |a London :  |b Harrington Park Press,  |c 1996 
300 |a xv, 105 p. ;  |c 22 cm. 
700 1 |a Riggle, Ellen D. B.  |0 IT\ICCU\UBOV\221463  |4 aut 
942 |2 ddc  |c BK  |n 0 
952 |0 0  |1 0  |4 0  |6 DOC_331_500000000000000_ELL  |7 0  |9 13886  |a BO  |b BO  |d 2026-01-15  |i 3698  |l 0  |o DOC 331.5 ELL  |p BO3698  |r 2026-01-15 23:18:33  |w 2026-01-15  |x [Sebina 5] [1 v.]  |y BK  |z 1 v. 
999 |c 11951  |d 11951